000 00561nam a2200193Ia 4500
005 20250508160715.0
008 008 250505s9999 xx 000 0 hin d
037 _aTextual
040 _aFEDL
_beng
_cFEDL
041 _ahin
_2hin
084 _a658.16, MIT
_qFEDL
100 _aMital R P
_9769160
245 0 _aBhartiya company sanniyam evam sachiviya karaya-vidhi
260 _aAgra, India
_bNavyug Sahitya Sadan
_c1971
300 _axii,600p
700 _a Agrawal B N
_9769161
942 _cTEXL
_h658.16, MIT
999 _c1366148
_d1366148